00893nam a2200217 a 450000100100000000500170001000800410002702000150006802000150008304000250009824501050012326000550022830000260028349000230030970000360033270000440036883000300041295201050044295201110054799900170065800004530120201002050038.0150225s200u dr a 000 j spa d a9945406191 a9945406167 aDO-SdBNPbspacBNPHU04aLos tres cerditos /cilustraciones Juan Pablo Félix; diseño gráfico Niurka Pérez de Paulino. aSanto Domingo, :bToboganbFondo editorial,c200u. a6 p. :bil. ;c14 cm.1 aCuentos de siempre1 aFélix, Juan Pabloeil.9733111 aPérez de Paulino, Niurkaedis.973321 0aCuentos de siempre973322 0010718PDaPDbPDcCTd2015-02-25iLF1l0o p45301-10r2020-06-25w2020-06-25yLFPDZNo se presta 0010718PDaPDbPDcCTd2015-02-25iLF1l0o p45301-20r2020-06-25te. 2w2020-06-25yLFPDZNo se presta c44790d44790